000 00961nam a2200253 i 4500
001 bg
100 1 _aOSTROWSKA, Urszula
245 1 0 _aDoświadczanie wartości edukacyjnych w szkole wyższej /
_cUrszula Ostrowska.
260 _aBydgoszcz :
_bWydawnictwa Uczelniane ATR,
_c1998.
300 _a335 s. :
_b1 rys., wykr. ;
_c24 cm.
490 1 _aRozprawy / Akademia Techniczno-Rolnicza im. Jana i Jędrzeja Śniadeckich w Bydgoszczy,
_x0209-0597 ;
_vnr 84
500 _aStreszcz. pol. i ang.
504 _aBibliogr. s. 293-317.
650 9 _aWartość
_xfilozofia
650 9 _aSzkolnictwo wyższe
_xsocjologia
650 9 _aStudenci
_xsocjologia
_xzagadnienia
710 0 _aAKADEMIA TECHNICZNO-ROLNICZA (Bydgoszcz)
830 0 _aRozprawy (Akademia Techniczno-Rolnicza im. Jana i Jędrzeja Śniadeckich w Bydgoszczy) ;
_vnr 84
040 _cBPK
041 0 _apl
_benpl
080 _a17:316:378
942 _cKS
008 s pl f |000 0 pol
999 _c33187
_d33187
856 _uhttp://koha.tu.koszalin.pl/cgi-bin/koha/opac-detail.pl?biblionumber=33187
_yKatalog online BPK